Sharjah Art Foundation Library

الصندوق: قصص قصيرة من بلدان الخليج العربية (Record no. 6622)

MARC details
000 -LEADER
fixed length control field 00487nam a2200157Ia 4500
001 - CONTROL NUMBER
control field 6622
008 - FIXED-LENGTH DATA ELEMENTS--GENERAL INFORMATION
fixed length control field 260622s9999 xx 000 0 und d
245 #0 - TITLE STATEMENT
Title الصندوق: قصص قصيرة من بلدان الخليج العربية
260 ## - PUBLICATION, DISTRIBUTION, ETC.
Place of publication, distribution, etc. الشارقة؛
Name of publisher, distributor, etc. دائرة الثقافة و الأعلام؛
Date of publication, distribution, etc. 2007
300 ## - PHYSICAL DESCRIPTION
Extent 102p;
Dimensions 21x14cm
546 ## - LANGUAGE NOTE
Language note Arabic
650 ## - SUBJECT ADDED ENTRY--TOPICAL TERM
Topical term or geographic name entry element PJ7501-8517 Arabic literature
651 ## - SUBJECT ADDED ENTRY--GEOGRAPHIC NAME
Geographic name GCC
655 ## - INDEX TERM--GENRE/FORM
Genre/form data or focus term Fiction رواية
9 (RLIN) 9474
942 ## - ADDED ENTRY ELEMENTS (KOHA)
Koha item type Book
Holdings
Withdrawn status Lost status Damaged status Not for loan Collection Home library Current library Date acquired Total Checkouts Full call number Barcode Date last seen Price effective from Koha item type
        Language and Literature SAF Reference Library SAF Reference Library 06/22/2026   PJ7501-8517 72.44 6622 06/22/2026 06/22/2026 Book

Copyright © 2022. Sharjah Art Foundation. All Rights Reserved.